Statistics for Pictures by Letter - N

Click here to take the quiz!

General Stats

  • This quiz has been taken 18,579 times
  • The average score is 12 of 16

Answer Stats

Answer% Correct
Niagara
95%
Neon
92%
Netherlands
91%
Neanderthal
87%
Nemo
84%
Nectarine
82%
Nile
81%
Neptune
80%
Noah
80%
Nutcracker
80%
Narwhal
79%
Nebula
66%
Nordic
63%
Nativity
62%
Nelson
50%
Nautilus
37%

Score Distribution

Percentile by Number Answered

Percent of People with Each Score

Your Score History

You have not taken this quiz